| 000 | 01701nam0a2200337 4500 | ||
|---|---|---|---|
| 001 | RU\NLR\BIBL_A\012760417 | ||
| 005 | 20250624144918.0 | ||
| 010 |
_a978-5-93593-314-2 _986 |
||
| 021 |
_aRU _b2021-93382 _9КН-П-7449 |
||
| 035 | _a(RuMoRGB)010940541 | ||
| 035 | _a(NLR Aleph) 012760417 | ||
| 090 |
_a13060569 _c13060569 |
||
| 100 | _a20220413d2021 |||y0rusy50 ca | ||
| 101 | 0 | _aeng | |
| 102 | _aRU | ||
| 105 | _aa j 000zy | ||
| 181 | 0 |
_ai _baxxe |
|
| 182 | 0 | _an | |
| 200 | 1 |
_aTeaching methods and learning strategies: a practical guide for BA & MA level _eучебное пособие _eдля студентов 2-4-го курсов, обучающихся по направлению бакалавриата "Педагогическое образование", и студентов 1-2-го курсов, обучающихся по направлению магистратуры "Педагогическое образование" _fА. А. Катекина, Р. Н. Тукаева _gУниверситет управления "ТИСБИ" |
|
| 203 |
_aТекст _bвизуальный _cнепосредственный |
||
| 210 |
_aКазань _cУниверситет управления "ТИСБИ" _d2021 |
||
| 215 |
_a156 с. _cил. _d21 |
||
| 320 | _aБиблиогр.: с. 156 (19 назв.) | ||
| 606 | 1 |
_aАнглийский язык _xУчебные издания для педагогов _92413027 _3RU\NLR\AUTH\661437574 |
|
| 686 | 1 | _aШ143.21-93рус329.51 | |
| 700 | 1 |
_aKatekina _bA. A. _gAnastasija Aleksandrovna |
|
| 701 | 1 |
_aTukaeva _bR. N. _gRezeda Nailevna |
|
| 942 | _cBOOK | ||
| 980 | _aNB | ||